00730 2200181 4500245005300000020002200053250001100075100001900086650001800105650002200123005001900145260004300164041001400207084001100221300002900232500027800261336000900539 aHidup Damai Tanpa InsecurecHerman AdamsonhText a978-623-400-573-8 aCet. 1 aHerman Adamson aMotivasi Diri aPengembangan Diri a20240109140042 aYogyakartabAnak Hebat Indonesiac2023 aIndonesia a155.25 aviii, 216 hlm. :c20 cm. aBanyak orang suka membandingkan diri mereka dengan orang lain, mulai dari prestasi, kekayaan, keindahan fisik, hingga kualitas hidup secara umum. Namun, sering kali kita lupa bahwa hidup bukanlah kompetensi dan setiap orang memiliki jalan hidup dan keunikan mereka sendiri. atext